Countries, US States and Capitals - alphabetical order - Statistics

General Stats
  • This quiz has been taken 4,620 times
  • The average score is 248 of 496
Answer Stats
Answer % Correct
Afghanistan
92%
Alabama
89%
Alaska
86%
Accra
85%
Abu Dhabi
84%
Albania
84%
Algeria
83%
Abuja
82%
Andorra
82%
Addis Ababa
81%
Australia
80%
Austria
80%
Armenia
78%
Azerbaijan
78%
Bahamas
77%
Algiers
76%
Andorra la Vella
76%
Arizona
76%
Angola
75%
Argentina
75%
Arkansas
75%
Antigua and Barbuda
74%
Belize
74%
Bahrain
73%
Belgium
73%
Amman
72%
Amsterdam
72%
Bangladesh
72%
Barbados
72%
Albany
70%
Canada
70%
Belarus
69%
Athens
68%
Brazil
68%
California
68%
Ankara
67%
Bhutan
67%
Bolivia
67%
China
67%
Denmark
67%
Eritrea
67%
Benin
66%
Burundi
66%
Chile
66%
Djibouti
66%
Fiji
66%
Finland
66%
France
66%
Berlin
65%
Brasília
65%
Cambodia
65%
Czech Republic
65%
Ethiopia
65%
Georgia
65%
India
65%
Antananarivo
64%
Apia
64%
Asmara
64%
Baku
64%
Bosnia and Herzegovina
64%
Botswana
64%
Cameroon
64%
Cyprus
64%
Austin
63%
Belmopan
63%
Bratislava
63%
Burkina Faso
63%
Chad
63%
Colorado
63%
Dominica
63%
Ecuador
63%
Estonia
63%
Guinea
63%
Guinea-Bissau
63%
Haiti
63%
Indiana
63%
Jamaica
63%
Japan
63%
Asunción
62%
Atlanta
62%
Baghdad
62%
Belgrade
62%
Bulgaria
62%
Colombia
62%
East Timor
62%
El Salvador
62%
Gabon
62%
Germany
62%
Iceland
62%
Zambia
62%
Zimbabwe
62%
Ashgabat
61%
Beijing
61%
Bern
61%
Brunei
61%
Budapest
61%
Croatia
61%
Dominican Republic
61%
Egypt
61%
Guyana
61%
Honduras
61%
Italy
61%
Jordan
61%
Annapolis
60%
Bucharest
60%
Cairo
60%
Cape Verde
60%
Cuba
60%
Eswatini
60%
Florida
60%
Gambia
60%
Guatemala
60%
Hawaii
60%
Iran
60%
Iraq
60%
Astana
59%
Bandar Seri Begawan
59%
Bangkok
59%
Bishkek
59%
Comoros
59%
Delaware
59%
Equatorial Guinea
59%
Ghana
59%
Greece
59%
Hungary
59%
Ireland
59%
Kenya
59%
Bangui
58%
Banjul
58%
Bogotá
58%
Boston
58%
Caracas
58%
Connecticut
58%
Idaho
58%
Indianapolis
58%
Indonesia
58%
Israel
58%
Kazakhstan
58%
Latvia
58%
Augusta
57%
Canberra
57%
Central African Republic
57%
Costa Rica
57%
Illinois
57%
Kansas
57%
Kentucky
57%
Beirut
56%
Bissau
56%
Brussels
56%
Castries
56%
Democratic Republic of the Congo
56%
Dublin
56%
Kuwait
56%
Kyrgyzstan
56%
Laos
56%
Basseterre
55%
Brazzaville
55%
Damascus
55%
Guatemala City
55%
Kosovo
55%
Bamako
54%
Columbia
54%
Dhaka
54%
Dili
54%
Djibouti
54%
Federated States of Micronesia
54%
Georgia
54%
Liechtenstein
54%
Madagascar
54%
Zagreb
54%
Bismarck
53%
Boise
53%
Columbus
53%
Dushanbe
53%
Freetown
53%
Funafuti
53%
Iowa
53%
Liberia
53%
Libya
53%
Yemen
53%
Dakar
52%
Grenada
52%
Islamabad
52%
Kiribati
52%
Kuwait City
52%
Lebanon
52%
Luxembourg
52%
Mexico
52%
New Jersey
52%
New York
52%
United Kingdom
52%
United States
52%
Baton Rouge
51%
Buenos Aires
51%
Cape Town
51%
Copenhagen
51%
Dodoma
51%
Hanoi
51%
Helsinki
51%
Ivory Coast
51%
Jerusalem
51%
Juba
51%
Lithuania
51%
Maine
51%
Mali
51%
Mississippi
51%
New Hampshire
51%
New Mexico
51%
North Korea
51%
Washington
51%
Bloemfontein
50%
Chișinău
50%
Denver
50%
Frankfort
50%
Georgetown
50%
Honolulu
50%
Lesotho
50%
Louisiana
50%
Maldives
50%
Michigan
50%
Missouri
50%
United Arab Emirates
50%
Uruguay
50%
Uzbekistan
50%
Washington D.C.
50%
Wyoming
50%
Yerevan
50%
London
49%
Massachusetts
49%
Minnesota
49%
Montenegro
49%
North Carolina
49%
North Dakota
49%
Oklahoma
49%
Oman
49%
South Korea
49%
Turkey
49%
Turkmenistan
49%
Vatican City
49%
Vatican City
49%
Venezuela
49%
Wellington
49%
West Virginia
49%
Carson City
48%
Charleston
48%
Doha
48%
Malta
48%
Mexico City
48%
Namibia
48%
New Zealand
48%
Norway
48%
Ohio
48%
Panama
48%
Qatar
48%
South Carolina
48%
South Dakota
48%
Uganda
48%
Virginia
48%
Cheyenne
47%
Harare
47%
Harrisburg
47%
Havana
47%
Kigali
47%
Lima
47%
Maryland
47%
Mauritania
47%
Mauritius
47%
Monaco
47%
Montana
47%
North Macedonia
47%
Oregon
47%
Palau
47%
Romania
47%
Saint Kitts and Nevis
47%
Saint Lucia
47%
South Africa
47%
South Sudan
47%
Ukraine
47%
Vanuatu
47%
Wisconsin
47%
Bridgetown
46%
Concord
46%
Dover
46%
Gaborone
46%
Helena
46%
Jackson
46%
Jakarta
46%
Kampala
46%
Lisbon
46%
Madrid
46%
Malé
46%
Nauru
46%
Niger
46%
Nigeria
46%
Poland
46%
Portugal
46%
Rome
46%
Russia
46%
Saint Vincent and the Grenadines
46%
Sweden
46%
Yaoundé
46%
Des Moines
45%
Jefferson City
45%
Khartoum
45%
Kingston
45%
Malawi
45%
Myanmar
45%
Panama City
45%
Paraguay
45%
Pennsylvania
45%
Peru
45%
Switzerland
45%
Taiwan
45%
Tajikistan
45%
Tunisia
45%
Tuvalu
45%
Gitega
44%
Kingstown
44%
Kinshasa
44%
Malaysia
44%
Marshall Islands
44%
Mongolia
44%
Morocco
44%
Nicaragua
44%
Pakistan
44%
Philippines
44%
Rwanda
44%
San Marino
44%
Syria
44%
Tunis
44%
Honiara
43%
Lomé
43%
Monaco
43%
Mozambique
43%
Netherlands
43%
Oklahoma City
43%
Port Moresby
43%
Quito
43%
Senegal
43%
Serbia
43%
Slovakia
43%
Slovenia
43%
Spain
43%
Sri Lanka
43%
Taipei
43%
Togo
43%
Tonga
43%
Ulaanbaatar
43%
Utah
43%
Vermont
43%
Vietnam
43%
Hartford
42%
Kathmandu
42%
Lusaka
42%
Maputo
42%
Moldova
42%
Montevideo
42%
Moscow
42%
Nebraska
42%
Nevada
42%
Oslo
42%
Port-au-Prince
42%
Rabat
42%
São Tomé
42%
Singapore
42%
Sudan
42%
Suriname
42%
Tennessee
42%
Trinidad and Tobago
42%
Vienna
42%
Yamoussoukro
42%
Yaren
42%
Kabul
41%
Kiev
41%
Ljubljana
41%
Luxembourg
41%
Managua
41%
Port-of-Spain
41%
San José
41%
San Marino
41%
Seychelles
41%
Tanzania
41%
Texas
41%
Thailand
41%
Juneau
40%
Lansing
40%
Luanda
40%
Manila
40%
Maseru
40%
Nepal
40%
Ouagadougou
40%
Rhode Island
40%
Somalia
40%
Stockholm
40%
Vaduz
40%
Warsaw
40%
Libreville
39%
Majuro
39%
Malabo
39%
Niamey
39%
Ottawa
39%
Papua New Guinea
39%
Paramaribo
39%
Saint George's
39%
Samoa
39%
São Tomé and Príncipe
39%
Vilnius
39%
Conakry
38%
Kuala Lumpur
38%
Madison
38%
Manama
38%
Port Vila
38%
Pretoria
38%
Saudi Arabia
38%
Sierra Leone
38%
Singapore
38%
Lilongwe
37%
Minsk
37%
Paris
37%
Riyadh
37%
Roseau
37%
San Salvador
37%
Valletta
37%
Vientiane
37%
Windhoek
37%
La Paz
36%
Lincoln
36%
Montpelier
36%
Muscat
36%
New Delhi
36%
Nukuʻalofa
36%
Port Louis
36%
Prague
36%
Pyongyang
36%
Riga
36%
Saint Paul
36%
Little Rock
35%
Olympia
35%
Palikir
35%
Sacramento
35%
Sana'a
35%
Santiago
35%
Seoul
35%
Montgomery
34%
Nassau
34%
Pristina
34%
Reykjavík
34%
Richmond
34%
Saint John's
34%
Solomon Islands
34%
South Tarawa
34%
Tallahassee
34%
Victoria
34%
Mogadishu
33%
Monrovia
33%
Moroni
33%
Nairobi
33%
Nashville
33%
Naypyidaw
33%
N'Djamena
33%
Phnom Penh
33%
Pierre
33%
Praia
33%
Republic of the Congo
33%
Salt Lake City
33%
Santo Domingo
33%
Sri Jayawardenepura Kotte
33%
Tallinn
33%
Tehran
33%
Tokyo
33%
Cotonou
32%
Mbabane
32%
Phoenix
32%
Podgorica
32%
Porto-Novo
32%
Providence
32%
Raleigh
32%
Salem
32%
Tripoli
32%
Ngerulmud
31%
Tashkent
31%
Tbilisi
31%
Nicosia
30%
Nouakchott
30%
Sarajevo
30%
Springfield
30%
Tegucigalpa
30%
Thimphu
30%
Tirana
30%
Santa Fe
29%
Topeka
29%
Skopje
28%
Trenton
28%
Sofia
27%
Suva
27%
Sucre
26%
No matching quizzes found
Score Distribution
Percent of People with Each Score
Percentile by Number Answered
Your Score History
You have not taken this quiz